000
00299nam a2200121Ia 4500
008
190216s9999||||xx |||||||||||||| ||und||
100
_a
Jain S P & Narang K L
245
0
_a
Advanced Cost And Management Accounting
260
_b
Kalyani Pub:-
300
_a
1310
650
_a
Commerce
942
_c
BK
999
_c
5636
_d
5636